000 01275nam a2200325Ia 4500
001 ebr10196644
003 CaPaEBR
006 m u
007 cr cn|||||||||
008 050624s2006 enk sb 001 0 eng d
020 _z9780713675207 (pbk.) :
020 _z0713675209 (pbk.) :
040 _aCaPaEBR
_cCaPaEBR
035 _a(OCoLC)243616259
050 1 4 _aHF5549.5.E43
_bC55 2006eb
082 0 4 _a658.3145
_222
100 1 _aClifford, Lorenza.
245 1 0 _aSurvive bullying at work
_h[electronic resource] :
_bhow to stand up for yourself and take control /
_cLorenza Clifford.
260 _aLondon :
_bA. & C. Black,
_c2006.
300 _avii, 88 p.
490 1 _aSteps to success
504 _aIncludes bibliographical references (p. 86) and index.
533 _aElectronic reproduction.
_bPalo Alto, Calif. :
_cebrary,
_d2009.
_nAvailable via World Wide Web.
_nAccess may be limited to ebrary affiliated libraries.
650 0 _aBullying in the workplace.
650 0 _aBullying in the workplace
_xPrevention.
655 7 _aElectronic books.
_2local
710 2 _aebrary, Inc.
830 0 _aSteps to success.
856 4 0 _uhttp://site.ebrary.com/lib/rucke/Doc?id=10196644
_zAn electronic book accessible through the World Wide Web; click to view
999 _c115629
_d115629